=LDR 00000nam 2200000 4500 =001 INLIS000000000006555 =005 20200206013704 =035 ##$$a 0010-061300000006555 =008 200206################g##########0#ind## =041 ##$$a Ind =082 ##$$a 060 =090 ##$$a 061, Sia t =100 ##$$a Siagian, Sondang P =245 1#$$a Teori pengembangan organisasi, /$c Prof.Dr.Sondang P. Siagian, MA =260 ##$$a Jakarta :$b Bumi Aksara,$c 2004 =300 ##$$a xiii, 270 hlm., ; $c 23 X 15 cm. =650 #4$$a Organisasi =850 ##$$a NBPNMAT =020 ##$$a 979-526-262-9 =084 ##$$a 060 SIA t =990 ##$$a 300500203 =990 ##$$a 30700599 =990 ##$$a 30700598 =990 ##$$a 20610288 =990 ##$$a 1039148